Elenca la formazione - Quiz n°260 - Statistics

Statistiche generali
  • Questo quiz è stato fatto 263 volte
  • Il punteggio medio è 7 su 11
Statistiche sulle risposte
Ruolo Club dell'epoca Calciatore % Corretto
Portiere Juventus Gianluigi Buffon
100%
Difensore Juventus Giorgio Chiellini
90%
Centrocampista Roma Daniele De Rossi
85%
Attaccante Bayern Monaco Luca Toni
84%
Attaccante Sampdoria Antonio Cassano
75%
Difensore Barcellona Gianluca Zambrotta
73%
Centrocampista MIlan Massimo Ambrosini
49%
Trequartista Roma Simone Perrotta
48%
Difensore Olympique Lione Fabio Grosso
47%
Centrocampista Roma Alberto Aquilani
27%
Difensore Roma Christian Panucci
27%
Nessun quiz corrispondente trovato
Distribuzione punteggi
Percentuale di utenti per punteggio
Percentile per numero di risposta
I tuoi punteggi nel tempo
Non hai fatto questo quiz